| 000 | 00000nam 2200000zi 4500 |
| 001 | 9.866458 |
| 003 | CaOODSP |
| 005 | 20241128102048 |
| 006 | m o d f |
| 007 | cr ||||||||||| |
| 008 | 181231t20192019oncd #obs f000 0 eng d |
| 020 | |a9780660291499 |
| 040 | |aCaOODSP|beng|erda|cCaOODSP |
| 043 | |an-cn--- |
| 086 | 1 |aCS75-0002/2019-2E-PDF |
| 100 | 1 |aFecteau, Eric, |eauthor. |
| 245 | 10|aAnnual wages, salaries and commissions of T1 tax filers, 2017 / |cby Eric Fecteau and Dominique Pinard. |
| 264 | 1|a[Ottawa] : |bStatistics Canada, |c2019. |
| 264 | 4|c©2019 |
| 300 | |a1 online resource (11 pages) : |bgraphs. |
| 336 | |atext|btxt|2rdacontent |
| 337 | |acomputer|bc|2rdamedia |
| 338 | |aonline resource|bcr|2rdacarrier |
| 490 | 1 |aIncome research paper series, |v2019002 |
| 500 | |aTitle from cover. |
| 500 | |a"Release date: January 29, 2019." |
| 500 | |aIssued also in HTML format. |
| 500 | |aIssued also in French under title: Salaires, traitements et commissions annuels des déclarants T1, 2017. |
| 504 | |aIncludes bibliographical references. |
| 520 | |a"In 2017, the largest income source for the majority of tax filers in Canada is “wages, salaries and commissions”, which are gained from being an employee. This income source accounted for approximately two out of three dollars of annual income of tax filers. Understanding the characteristics of wage-earners and the differences in annual earnings by province, sex, age and industry can help to describe how the Canadian population interacts with the labour market"--Introduction, page 4. |
| 692 | 07|2gccst|aSalaries |
| 692 | 07|2gccst|aIncome tax |
| 692 | 07|2gccst|aStatistics |
| 700 | 1 |aPinard, Dominique, |eauthor. |
| 710 | 2 |aStatistics Canada. |
| 775 | 08|tSalaires, traitements et commissions annuels des déclarants T1, 2017 / |w(CaOODSP)9.866459 |
| 830 | #0|aIncome research paper series (Statistics Canada)|v2019002.|w(CaOODSP)9.504704 |
| 856 | 40|qPDF|s256 KB|uhttps://publications.gc.ca/collections/collection_2019/statcan/75f0002m/75f0002m2019002-eng.pdf |
| 856 | 4 |qHTML|sN/A|uhttps://www150.statcan.gc.ca/n1/pub/75f0002m/75f0002m2019002-eng.htm |
| 986 | |a75F0002M |